INCOME AND EXPENDITURE OF CZECH HOUSEHOLDS

Bibliographic Details
Main Authors: Bartošová, Jitka (Author), Michal, Novák (Author)
Format: Article
Language:English

MARC

LEADER 00000nab a2200000ua 4500
001 vtls010776901
003 SK-MaSNL
005 20260303151913.0
008 230222s2010 xo |||||||||||||||||eng|
035 |a (urnnbn)urn:nbn:sk:snk:ar-a03uao 
035 |a (uuid)bb3d97b8-aa3d-45c1-b0e0-e0d5d1943135 
035 |a urn:nbn:sk:snk-ab5f37 
040 |a SNKBUCL  |b slo  |c SNKBUCL  |e AACR2 
041 0 |a eng 
044 |a xo  |c SK 
100 1 |a Bartošová, Jitka  |4 aut  |9 790863 
245 1 0 |a INCOME AND EXPENDITURE OF CZECH HOUSEHOLDS  |c Jitka Bartošová, Novák Michal 
700 1 |a Michal, Novák  |4 aut  |9 1171882 
773 0 |t Aplimat : journal of applied mathematics  |g Roč. 3, č. 3 (2010), s. [181]-189 
958 |a OND 
958 |a EUIPO 
958 |a article3 
999 |c 2020554  |d 2022484